| 000 | 00441ntaaa2200169 4500 | ||
|---|---|---|---|
| 003 | 01 | ||
| 005 | 20251027202522.0 | ||
| 008 | 0714s1973 ag 01 | ||
| 040 |
_aAR-BaBN _bspa _cAR-BaBN _eaacr _dRIC |
||
| 082 | _a234.0000 El4 | ||
| 100 |
_aElía, Osiris Elìas _924156 |
||
| 245 | _aJesucristo la única solución del problema moral del hombre | ||
| 250 | _a1 ed. | ||
| 260 |
_as.l. : _bVenado Tuerto, _c1946 |
||
| 300 | _as.p. | ||
| 942 | _cBK | ||
| 999 |
_c20217 _d20217 |
||